00828cam a22002531 4500001001300000003000400013005001700017008004100034010001700075035002000092040004100112042001200153050003000165110004000195245003000235260004400265300003800309490004900347500004800396650002700444650002500471830006100496999001700557e 43000149 DLC20260227111231.0881109s1943 kyuk s000 0 eng c ae 43000149  a(OCoLC)18727232 aU.S. Off. of Educ. LibrarycMsUdDLC apremarc00aL152b.B35 vol. 11, no. 81 aKentucky.bDepartment of Education.14aThe school lunch program. a[Frankfort]bDept. of Educationc[1943] a[459]-485 p. incl. forms.c23 cm.1 aIts Educational bulletin ...vVol. XI, no. 8 aAt head of title: Commonwealth of Kentucky. 0aSchool childrenxFood. 0aChildrenxNutrition. 0aEducational bulletin (Frankfort, Ky.) ;vVol. XI, no. 8. c21938d21938